10 największych miast Islandii - Statystyki

Ogólne statystyki
  • Ten quiz został rozwiązany 48 razy
  • Średni wynik to 3 z 10
Statystyki odpowiedzi
# Populacja Miasto % Poprawnych
1. 139 875[ Reykjavík
100%
4. 19 251 Akureyri
43%
5. 14 153 Keflavík
43%
3. 29 409 Hafnarfjörður
34%
2. 35 966 Kópavogur
29%
6. 12 912 Garðabær
23%
9. 7 564 Selfoss
20%
10. 7 249 Akranes
14%
7. 11 463 Mosfellsbær
11%
8. 8 915 Reykjanesbær
9%
Nie znaleziono quizów pasujących do podanych kryteriów
Rozkład punktacji
Procent ludzi z każdym wynikiem
Percentyl według liczby udzielonych odpowiedzi
Twoja historia wyników
Nie rozwiązałeś tego quizu